<?xml version="1.0" encoding="UTF-8"?>
<record
    xmlns:xsi="http://www.w3.org/2001/XMLSchema-instance"
    xsi:schemaLocation="http://www.loc.gov/MARC21/slim http://www.loc.gov/standards/marcxml/schema/MARC21slim.xsd"
    xmlns="http://www.loc.gov/MARC21/slim">

  <leader>00141    a2200073   4500</leader>
  <datafield tag="020" ind1=" " ind2=" ">
    <subfield code="a">41059163</subfield>
  </datafield>
  <datafield tag="082" ind1=" " ind2=" ">
    <subfield code="2">920 WIN</subfield>
    <subfield code="a">920</subfield>
    <subfield code="b">1</subfield>
  </datafield>
  <datafield tag="245" ind1=" " ind2=" ">
    <subfield code="a">DEEP PULSE</subfield>
  </datafield>
  <datafield tag="999" ind1=" " ind2=" ">
    <subfield code="c">785377</subfield>
    <subfield code="d">785376</subfield>
  </datafield>
  <datafield tag="942" ind1=" " ind2=" ">
    <subfield code="w">438</subfield>
    <subfield code="x">Lucy Nkosi</subfield>
    <subfield code="y">438</subfield>
    <subfield code="z">Lucy Nkosi</subfield>
  </datafield>
  <datafield tag="952" ind1=" " ind2=" ">
    <subfield code="0">0</subfield>
    <subfield code="1">0</subfield>
    <subfield code="4">0</subfield>
    <subfield code="6">920_000000000000000_WIN_920_1</subfield>
    <subfield code="7">0</subfield>
    <subfield code="8">900</subfield>
    <subfield code="9">739064</subfield>
    <subfield code="a">EMBAL</subfield>
    <subfield code="b">EMBAL</subfield>
    <subfield code="c">Non_Fiction</subfield>
    <subfield code="d">2025-09-11</subfield>
    <subfield code="l">0</subfield>
    <subfield code="o">920 WIN 920 1</subfield>
    <subfield code="p">33228014782922</subfield>
    <subfield code="r">2025-09-11</subfield>
    <subfield code="w">2025-09-11</subfield>
    <subfield code="y">BOOK</subfield>
  </datafield>
</record>
